LEADER 00967nam a2200217 i 4500 001 000000226387 003 CaOOAMICUS 005 20140121000000.0 008 140121s2011 it u000 u ita u 013 $a205289 040 $aSeMil$bita 100 1 $aRedaelli Sergio.$0(OLS)http://semarc/name/78555 245 13$aIl villaggio Barona :$bAttilio e Teresa Cassoni : 80 anni di solidarietā /$cSergio Redaelli. 260 $aMilano :$bFondazione Cassoni,$c[2011?] 300 $a94 p. :$bill. ;$c24 cm. 650 4$aMilano - Rioni e quartieri - Barona.$0(OLS)http://semarc/subject/27789 850 $aSeMil 852 $aSeMil$W1$xVenegono$y1$m3O III 33$j176733$B176733$CSeMilBibl$Z2$F188334 $81 961 $aOmaggio: Grampa dott. Cesare 996 $6245$aIl villaggio Barona :$bAttilio e Teresa Cassoni : 80 anni di solidarietā$9(OLS)http://semarc/title/324144 996 $6260$aMilano :$bFondazione Cassoni$9(OLS)http://semarc/publisher/53479 LEADER 01065nam a2200217 i 4500 001 000000059843 003 CaOOAMICUS 005 20140401000000.0 008 140401s1966 xx u000 u swe u 013 $a31015 040 $aSeMil$bita 100 1 $aWrede, Gösta.$0(OLS)http://semarc/name/26856 245 10$aKyrkosynen i Einar Billings teologi /$cGösta Wrede. Zusammenfassung : Die Kirchenauffassung Einar Billings im rahmen seiner theologie. 260 $aStockholm :$bDiakonistyrelsen Bokförlag,$c1966. 300 $a347 p., [1] c. di tav. :$britr. ;$c25 cm. 490 0 $aActa Universitatis Upsaliensis. Studia doctrinae christianae Upsaliensia ;$v5 830 0$aActa Universitatis Upsaliensis. Studia doctrinae christianae Upsaliensia ;$v5.$0(OLS)http://semarc/title/174 850 $aSeMil 852 $aSeMil$W1$xVenegono$y1$m2K I 207$j25996$B25996$CSeMilBibl$Z2$F25999 $81 996 $6245$aKyrkosynen i Einar Billings teologi$9(OLS)http://semarc/title/93589 996 $6260$aStockholm :$bDiakonistyrelsen Bokförlag$9(OLS)http://semarc/publisher/42121